Growing Cities in Idaho - Statistics

General Stats
  • This quiz has been taken 17 times
  • The average score is 7 of 10
Answer Stats
Population Population Gained City % Correct
235,684 26,302 Boise
100%
54,628 10,467 Coeur D'Alene
93%
100,200 18,308 Nampa
87%
117,635 40,652 Meridian
73%
51,807 7,494 Twin Falls
73%
38,485 10,700 Post Falls
67%
59,996 13,643 Caldwell
60%
30,346 10,362 Eagle
60%
39,409 13,912 Rexburg
53%
24,011 8,575 Kuna
47%
No matching quizzes found
Score Distribution
Percent of People with Each Score
Percentile by Number Answered
Your Score History
You have not taken this quiz